Hodnotenie finančného hospodárenia podnikateľského subjektu bakalárska práca

Na minha lista:
Detalhes bibliográficos
Autor principal: Hodža, Rastislav
Autor Corporativo: Národohospodárska fakulta EU. Katedra financií
Outros Autores: Alexy, Martin, 1976-
Formato: Livro
Idioma:eslovaco
Publicado em: Bratislava 2018
Tags: Adicionar Tag
Sem tags, seja o primeiro a adicionar uma tag!

MARC

LEADER 00000nbm a2200000 4500
001 0245961
005 20190228085449.9
041 0 |a slo 
044 |a SK 
245 1 0 |a Hodnotenie finančného hospodárenia podnikateľského subjektu  |b bakalárska práca  |c Rastislav Hodža ; školiteľ: Martin Alexy 
264 1 |a Bratislava  |c 2018 
300 |a 55 s. 
100 1 |a Hodža, Rastislav 
700 1 |a Alexy, Martin, 1976- 
710 2 |a Národohospodárska fakulta EU. Katedra financií